000 00442nam a22001457a 4500
003 OSt
005 20240705113140.0
008 240705b |||||||| |||| 00| 0 eng d
020 _a9780062967091
040 _bEnglish
_c
082 _a658.5752
_bBRO
245 _aChange by Design
_bHow design thinking transforms organizations and inspires innovation
_cBrown,Tim
_hEnglish
260 _bHarper Collins
_c2009
942 _2ddc
_cBK
_k658.5752
_mBRO
_n0
999 _c36052
_d36052